Countries Most Similar To Turkey - Statistics

General Stats
  • This quiz has been taken 392 times
  • The average score is 14 of 22
Answer Stats
Rank Country Score % Correct
1 Azerbaijan 76.3
91%
18 Greece 66.9
91%
8 Iran 69.0
86%
20 Syria 66.5
83%
9 Bulgaria 68.7
82%
2 Albania 72.6
81%
19 Georgia 66.6
72%
5 Bosnia and Herzegovina 70.3
68%
13 Turkmenistan 68.0
66%
4 North Macedonia 70.5
65%
11 Romania 68.3
65%
15 Kazakhstan 67.6
64%
17 Serbia 67.0
63%
6 Uzbekistan 69.2
62%
20 Egypt 66.5
56%
12 Kyrgyzstan 68.1
56%
3 Tunisia 70.7
48%
14 Croatia 67.7
47%
10 Morocco 68.5
46%
6 Montenegro 69.2
45%
15 Tajikistan 67.6
44%
20 Algeria 66.5
42%
No matching quizzes found
Score Distribution
Percent of People with Each Score
Percentile by Number Answered
Your Score History
You have not taken this quiz